Conference-USA Football Champions of the Century - Statistics

General Stats
  • This quiz has been taken 13 times
  • The average score is 14 of 25
Answer Stats
Year Champion % Correct
2024 Jacksonville State
83%
2023 Liberty
83%
2020 UAB
83%
2018 UAB
75%
2022 UTSA
75%
2021 UTSA
75%
2009 East Carolina
67%
2013 Rice
67%
2015 Western Kentucky
67%
2008 East Carolina
58%
2006 Houston
58%
2010 UCF
58%
2007 UCF
58%
2016 Western Kentucky
58%
2019 Florida Atlantic
50%
2017 Florida Atlantic
50%
2011 Southern Miss
50%
2003 Southern Miss
50%
2012 Tulsa
50%
2005 Tulsa
50%
2002 Cincinnati/TCU
42%
2014 Marshall
42%
2001 Louisville
33%
2000 Louisville
33%
2004 Louisville
25%
No matching quizzes found
Score Distribution
Percent of People with Each Score
Percentile by Number Answered
Your Score History
You have not taken this quiz